Am wenigsten Fragile Länder nach Kontinent - Statistiken

Allgemein
  • Dieses Quiz wurde 50 mal gespielt
  • Das Durchschnittsergebnis liegt bei 13 aus 25
Antwortstatistiken
Land % Korrekt
Kanada
97%
Vereinigte Staaten
89%
Norwegen
80%
Finnland
74%
Schweiz
74%
Argentinien
71%
Dänemark
71%
Japan
71%
Uruguay
71%
Chile
69%
Island
57%
Südkorea
57%
Guyana
51%
Panama
49%
Suriname
49%
Costa Rica
46%
Singapur
46%
Kap Verde
37%
Seychellen
37%
Namibia
34%
Mauritius
31%
Botswana
26%
Katar
26%
Vereinigte Arabische Emirate
20%
Barbados
14%
Keine übereinstimmenden Quizze gefunden
Verteilung der Resultate
Anzahl Personen mit jedem Resultat
Perzentil nach korrekt beantworteten Fragen
Ihre Resultats-Entwicklung
Sie haben dieses Quiz noch nicht gespielt